| 000 | 00787nam a22002177a 4500 | ||
|---|---|---|---|
| 001 | 13512 | ||
| 003 | BD-JhCC | ||
| 005 | 20231106075225.0 | ||
| 008 | 210316s20182021bg |||| ||a| 000 0 ben d | ||
| 020 | _a9789849520962 | ||
| 035 | _a(BD-JhCC)13512 | ||
| 040 |
_aBD-JhCC _dBD-JhCC |
||
| 041 | _aben | ||
| 082 |
_a954.92051092 _bAHM 2021 |
||
| 100 | _aআহমদ, মাহবুব উদ্দিন | ||
| 245 |
_aমুক্তিযুদ্ধের বীরত্বগাথা / _cমাহবুব উদ্দিন আহমদ |
||
| 260 |
_aঢাকা : _bমাওলা ব্রাদার্স, _c২০২১. |
||
| 300 |
_a১৯২ পৃ. : _c২১ সেমি. |
||
| 650 |
_aPersonal narratives _vHistory _xRevolution _y1971 _zBangladesh |
||
| 942 |
_2ddc _cBK |
||
| 999 |
_c13512 _d13512 |
||